Introduction to positive economics (Record no. 5640)

000 -LEADER
fixed length control field 00453nam a22001817a 4500
001 - CONTROL NUMBER
control field 5640
003 - CONTROL NUMBER IDENTIFIER
control field BD-DhUET
008 - FIXED-LENGTH DATA ELEMENTS--GENERAL INFORMATION
fixed length control field 141127b xxu||||| |||| 00| 0 eng d
040 ## - CATALOGING SOURCE
Transcribing agency 0
Modifying agency BD-DhUET
082 ## - DEWEY DECIMAL CLASSIFICATION NUMBER
Classification number 330
Item number LIP/1971
100 ## - MAIN ENTRY--PERSONAL NAME
Personal name Lipsey, Richard G.
245 ## - TITLE STATEMENT
Title Introduction to positive economics
250 ## - EDITION STATEMENT
Edition statement 3rd ed.
260 ## - PUBLICATION, DISTRIBUTION, ETC. (IMPRINT)
Name of publisher, distributor, etc. English Language Book
Place of publication, distribution, etc. Hampshire
Date of publication, distribution, etc. 1971
300 ## - PHYSICAL DESCRIPTION
Extent xx, 740 p.
Other physical details ill.
Dimensions 26 cm.
650 #0 - SUBJECT ADDED ENTRY--TOPICAL TERM
Topical term or geographic name as entry element Economics
942 ## - ADDED ENTRY ELEMENTS (KOHA)
Koha item type General Book
Holdings
Koha collection Price effective from Koha full call number Shelving location Lost status Location (home branch) Withdrawn status Date acquired Copy number Piece designation (barcode) Sublocation or collection (holding branch) Source of classification or shelving scheme Koha date last seen Damaged status Koha normalized classification for sorting Koha item type Not for loan
 2014-11-27330/LIP/1971Circulation section Central Library, BUET 2014-11-27123693Central Library, BUET 2014-11-27 330LIP1971General Book 
 2014-11-27330/LIP/1971Circulation section Central Library, BUET 2014-11-27223702Central Library, BUET 2014-11-27 330LIP1971General Book 
 2015-01-27330/LIP/1971Circulation section Central Library, BUET 2015-01-27323689Central Library, BUET 2015-01-27 330_000000000000000_LIP_1971General Book 
 2015-01-27330/LIP/1971Circulation section Central Library, BUET 2015-01-27423684Central Library, BUET 2015-01-27 330_000000000000000_LIP_1971General Book 
 2015-01-27330/LIP/1971Circulation section Central Library, BUET 2015-01-27523710Central Library, BUET 2015-01-27 330_000000000000000_LIP_1971General Book 
 2015-01-27330/LIP/1971Circulation section Central Library, BUET 2015-01-27623713Central Library, BUET 2015-01-27 330_000000000000000_LIP_1971General Book 
 2015-01-27330/LIP/1971Cataloging section Central Library, BUET 2015-01-27723690Central Library, BUET 2015-01-27 330_000000000000000_LIP_1971General Book 
 2015-01-27330/LIP/1971Circulation section Central Library, BUET 2015-01-27823698Central Library, BUET 2015-01-27 330_000000000000000_LIP_1971General Book 
 2015-01-27330/LIP/1971Circulation section Central Library, BUET 2015-01-27923685Central Library, BUET 2015-01-27 330_000000000000000_LIP_1971General Book 
 2015-01-27330/LIP/1971Circulation section Central Library, BUET 2015-01-271023712Central Library, BUET 2015-01-27 330_000000000000000_LIP_1971General Book 
Non Fiction2015-01-28330/LIP/1971Circulation section Central Library, BUET 2015-01-28423677Central Library, BUET 2015-01-28 330_000000000000000_LIP_1971General Book 
Non Fiction2015-01-28330/LIP/1971Circulation section Central Library, BUET 2015-01-283023706Central Library, BUET 2015-01-28 330_000000000000000_LIP_1971General Book 
Non Fiction2015-01-28330/LIP/1971Circulation section Central Library, BUET 2015-01-282923705Central Library, BUET 2015-01-28 330_000000000000000_LIP_1971General Book 
Non Fiction2015-01-28330/LIP/1971Circulation section Central Library, BUET 2015-01-281623680Central Library, BUET 2015-01-28 330_000000000000000_LIP_1971General Book 
 2015-04-20330/LIP/1971Circulation section Central Library, BUET 2015-04-201523691Central Library, BUET 2015-04-20 330_000000000000000_LIP_1971General Book